Statutory notices and fatal errors (Record no. 70362)
[ view plain ]
| 000 -LEADER | |
|---|---|
| fixed length control field | 01006cam a2200217 4500 |
| 001 - CONTROL NUMBER | |
| control field | ABS65536 |
| 008 - FIXED-LENGTH DATA ELEMENTS--GENERAL INFORMATION | |
| fixed length control field | 020527n2002 000 0 eng u |
| 035 ## - SYSTEM CONTROL NUMBER | |
| System control number | (Sirsi) u118153 |
| 245 ## - TITLE STATEMENT | |
| Title | Statutory notices and fatal errors |
| 260 ## - PUBLICATION, DISTRIBUTION, ETC. | |
| Date of publication, distribution, etc. | 2002 |
| 490 ## - SERIES STATEMENT | |
| Series statement | Commercial Property |
| Volume/sequential designation | 4(5/6) 4-6(3) |
| 520 ## - SUMMARY, ETC. | |
| Summary, etc. | Considers the Court of Appeal's judgment in three cases, which sets out how to approach whether errors invalidate statutory notices and the application to each of the three cases. The three cases are "Ravenseft v Hall", "White v Chubb" and "Kasseer v Freeman". Also considers earlier case law and the effect of the decision on the rent increases problem. The judgment shows that a more flexible and purposive approach is being adopted. |
| 590 ## - LOCAL NOTE (RLIN) | |
| Local note | ABS |
| 650 ## - SUBJECT ADDED ENTRY--TOPICAL TERM | |
| Topical term or geographic name entry element | RAVENSEFT PROPERTIES LTD V HALL |
| 650 ## - SUBJECT ADDED ENTRY--TOPICAL TERM | |
| Topical term or geographic name entry element | WHITE V CHUBB |
| 650 ## - SUBJECT ADDED ENTRY--TOPICAL TERM | |
| Topical term or geographic name entry element | KASSEER V FREEMAN |
| 650 ## - SUBJECT ADDED ENTRY--TOPICAL TERM | |
| Topical term or geographic name entry element | STATUTORY NOTICES |
| 650 ## - SUBJECT ADDED ENTRY--TOPICAL TERM | |
| Topical term or geographic name entry element | RENT INCREASES |
| 690 ## - LOCAL SUBJECT ADDED ENTRY--TOPICAL TERM (OCLC, RLIN) | |
| Topical term or geographic name as entry element | LANDLORD AND TENANT-BUSINESS TENANCIES |
| 942 ## - ADDED ENTRY ELEMENTS (KOHA) | |
| Suppress in OPAC | 0 |
| Withdrawn status | Lost status | Source of classification or shelving scheme | Damaged status | Not for loan | Home library | Current library | Shelving location | Date acquired | Total Checkouts | Full call number | Barcode | Date last seen | Copy number | Price effective from | Koha item type |
|---|---|---|---|---|---|---|---|---|---|---|---|---|---|---|---|
| Dewey Decimal Classification | London | London | Journal article | 27/05/2002 | ABS65536 | 118153-1001 | 06/08/2019 | 1 | 06/08/2019 | Journal article |